000 00423nam a2200169 a 4500
001 0000-9311
003 ELIB.Books
008 110520 1986
035 _a(ELIB.Books)0000-9463
082 _a253.5
_bAbr
100 _aAbraham
245 _aWhen a Congregation Cares
260 _bPennsylvania: Herald Press
_c1986
650 _aPastoral Theology
942 _2ddc
_cBK
998 _cbat
_e2011-05-20
999 _c9311
_d9311